• 首页
  • 本馆介绍
  • 公告通知
  • 最新文献
  • 馆藏检索
  • 电子资源
  • 读者导购
  • 参考咨询
  • 我的图书馆
  • 登录
  • 详细信息显示
  • 放入我的书架
  • 预约/预借图书
  • 作者相关作品
  • 分类相关作品
  • 丛书相关作品
  • 出版社相关作品

书目信息

  • 表格格式
  • 工作单格式
  • 卡片格式
题名:
内部审计实务操作从入门到实战
    
 
作者: 惠增强 编著
分册:  
出版信息: 北京   人民邮电出版社  2022
页数: 302页
开本: 24cm
丛书名:
单 册:
中图分类: F239.45
科图分类:
主题词: 内部审计
电子资源:
ISBN: 978-7-115-58781-7
000 00974nam0 2200217 450
001 2261322691
005 20220930170214.13
010    @a978-7-115-58781-7@dCNY88.00
100    @a20220507d2022 em y0chiy50 ea
101 0  @achi
102    @aCN@b110000
105    @aa z 000yy
200 1  @a内部审计实务操作从入门到实战@9nei bu shen ji shi wu cao zuo cong ru men dao shi zhan@f惠增强编著
210    @a北京@c人民邮电出版社@d2022
215    @a302页@c图@d24cm
330    @a本书共分为3篇:第1篇是理论基础,通过介绍内部审计的发展历史逐步引入内部审计的准则体系和基本理论;第2篇是审计实践,按审计流程介绍了内部审计实务操作方法;第3篇是案例示范,通过实务案例让读者了解在内部审计的实际操作中可能遇到的情形。本书的每一章都通过一个案例导入,论述透彻,对内部审计人员的日常审计工作内容、工作方法和工作技巧等进行了全面、系统的介绍。
606 0  @a内部审计
690    @aF239.45@v5
701  0 @a惠增强@9hui zeng qiang@4编著
801  0 @aCN@b91MARC@c20220525
905    @aZUCC@dF239.45@e22
    
    内部审计实务操作从入门到实战/惠增强编著.-北京:人民邮电出版社,2022
    302页:图;24cm
    
    
    ISBN 978-7-115-58781-7:CNY88.00
    本书共分为3篇:第1篇是理论基础,通过介绍内部审计的发展历史逐步引入内部审计的准则体系和基本理论;第2篇是审计实践,按审计流程介绍了内部审计实务操作方法;第3篇是案例示范,通过实务案例让读者了解在内部审计的实际操作中可能遇到的情形。本书的每一章都通过一个案例导入,论述透彻,对内部审计人员的日常审计工作内容、工作方法和工作技巧等进行了全面、系统的介绍。
●
相关链接 在五车中查询图书 在当当中查询图书 在豆瓣中查询图书


正题名:内部审计实务操作从入门到实战     索取号:F239.45/22         预约/预借

序号 登录号 条形码 馆藏地/架位号 状态 备注
1 2000909101   2000909101   第三书库/ [索取号:F239.45/22] 在馆    
2 2000909102   2000909102   第三书库/ [索取号:F239.45/22] 在馆    
3 2000909103   2000909103   第三书库/ [索取号:F239.45/22] 在馆    
山东省滨州职业学院图书馆 欢迎您!
大连网信软件有限公司© 版权所有